[Event "Titled Tue 24th Jun Early"]
[Site "chess.com INT"]
[Date "2025.06.24"]
[Round "3"]
[White "Xalmatov, Yakubjon"]
[Black "Boruchovsky, Avital"]
[Result "0-1"]
[WhiteTitle "CM"]
[BlackTitle "GM"]
[WhiteElo "2096"]
[BlackElo "2513"]
[WhiteFideId "14201615"]
[BlackFideId "2800055"]
[EventDate "2025.06.24"]

1. e4 e5 2. Nf3 Nc6 3. Bb5 a6 4. Ba4 Nge7 5. O-O d6 6. c3 g6 7. d4 b5 8. Bb3 Bg7
9. dxe5 dxe5 10. Qe2 O-O 11. Rd1 Bd7 12. Bg5 h6 13. Bh4 g5 14. Bg3 Ng6 15. a4
Qe7 16. Bd5 Rab8 17. axb5 axb5 18. Ra6 Qe8 19. Na3 Nce7 20. Ba2 Nf4 21. Bxf4
exf4 22. e5 Bc8 23. Ra7 Nc6 24. Rxc7 Nxe5 25. Nxe5 Qxe5 26. Qxe5 Bxe5 27. Rc5
Bf6 28. Rxb5 Bg4 29. f3 Rxb5 30. Nxb5 Rb8 31. c4 Be6 32. b3 Ra8 33. Bb1 Bd8 34.
h3 Bb6+ 35. Kh2 Kg7 36. Nc3 h5 37. Na4 Be3 38. Be4 Rb8 39. Rd3 g4 40. hxg4 hxg4
41. fxg4 Rh8+ 0-1

[Event "Titled Tue 24th Jun Early"]
[Site "chess.com INT"]
[Date "2025.06.24"]
[Round "3"]
[White "Novosel, Lovro"]
[Black "Nguyen, Ngoc Truong Son"]
[Result "1-0"]
[WhiteTitle "FM"]
[BlackTitle "GM"]
[WhiteElo "2338"]
[BlackElo "2600"]
[WhiteFideId "14547120"]
[BlackFideId "12401110"]
[EventDate "2025.06.24"]

1. d4 Nf6 2. Nf3 d5 3. c4 e6 4. g3 Be7 5. Bg2 O-O 6. O-O dxc4 7. Qc2 a6 8. a4
Bd7 9. Qxc4 Bc6 10. Bg5 Nbd7 11. Nc3 h6 12. Bxf6 Nxf6 13. a5 Bd5 14. Qd3 Bxf3
15. Bxf3 c6 16. e3 Bb4 17. Qc4 Bxa5 18. b4 Bc7 19. h4 Qe7 20. h5 Rac8 21. Kg2
Bd6 22. Rab1 e5 23. Rfd1 Rfd8 24. Ne4 exd4 25. Rxd4 Be5 26. Nxf6+ Qxf6 27. Rxd8+
Rxd8 28. Qe4 Qe6 29. Bg4 Qd5 30. Qxd5 Rxd5 31. Bc8 Rb5 32. Rd1 Rxb4 33. Rd8+ Kh7
34. Rd7 a5 35. Rxf7 a4 36. Bf5+ Kg8 37. Be6 Kh7 38. Bf5+ Kg8 39. Be6 Rb5 40.
Rxb7+ Kf8 41. Ra7 Rb4 42. Bd7 1-0

[Event "Titled Tue 24th Jun Early"]
[Site "chess.com INT"]
[Date "2025.06.24"]
[Round "3"]
[White "Ribeiro, Gustavo"]
[Black "Durarbayli, Vasif"]
[Result "0-1"]
[WhiteTitle "FM"]
[BlackTitle "GM"]
[WhiteElo "2314"]
[BlackElo "2612"]
[WhiteFideId "1941852"]
[BlackFideId "13402935"]
[EventDate "2025.06.24"]

1. e4 c6 2. d4 d5 3. Nc3 dxe4 4. Nxe4 Bf5 5. Ng3 Bg6 6. h4 h6 7. Nh3 e6 8. Nf4
Bh7 9. Bc4 Nf6 10. c3 Be7 11. Ngh5 O-O 12. Nxf6+ Bxf6 13. Qg4 Bf5 14. Qg3 e5 15.
dxe5 Bxe5 16. Bd2 Nd7 17. O-O-O b5 18. Bd3 Bxd3 19. Qxd3 Qc7 20. Qf5 Rad8 21.
Be3 Nf6 22. Nd3 Rd5 23. Nxe5 Rxe5 24. Qf3 Nd5 25. Bd4 Re6 26. g3 a5 27. h5 Qe7
28. Rh4 f5 29. Qd3 a4 30. f4 Rf7 31. Be5 Qc5 32. Rh2 Ree7 33. Re2 Rd7 34. Qd4
Qxd4 35. Rxd4 Rfe7 36. Red2 Nb6 37. Rd6 Rxd6 38. Rxd6 Nc4 39. Rxc6 Nxe5 40. fxe5
Rxe5 41. Rg6 f4 42. gxf4 Rxh5 43. Rb6 Rf5 44. b3 h5 45. Kd2 h4 46. Ke3 h3 47.
Kf3 Rh5 0-1

[Event "Titled Tue 24th Jun Early"]
[Site "chess.com INT"]
[Date "2025.06.24"]
[Round "3"]
[White "Andreev, Konstantin"]
[Black "Ugarte Soto, Cesar"]
[Result "0-1"]
[WhiteTitle "FM"]
[BlackTitle "CM"]
[WhiteElo "2208"]
[BlackElo "2088"]
[WhiteFideId "24239305"]
[BlackFideId "3601331"]
[EventDate "2025.06.24"]

1. e4 c5 2. Nf3 d6 3. d4 cxd4 4. Nxd4 Nf6 5. Nc3 g6 6. Be3 a6 7. f3 h5 8. Bc4
Qc7 9. Bb3 Nbd7 10. Qd2 Bg7 11. O-O-O b5 12. Kb1 Bb7 13. h4 Nb6 14. Bg5 Nfd7 15.
Ka1 Ne5 16. Qe2 Rc8 17. g4 Nec4 18. Rd3 Nxb2 19. Kxb2 Bxd4 20. Bd2 Bg7 21. Kb1
Nc4 22. Be1 b4 23. Nd5 Bxd5 24. exd5 a5 25. Ba4+ Kf8 26. Bf2 Nb2 27. Bc6 Nxd3
28. Qxd3 a4 29. Bd4 b3 30. cxb3 axb3 31. Bxg7+ Kxg7 32. Qc3+ Kg8 33. axb3 Qb6
34. g5 Rb8 35. Kc2 Qf2+ 36. Kb1 Qb6 37. Kb2 Qf2+ 38. Ka3 Qb6 39. Re1 Qa7+ 40.
Ba4 Kh7 41. f4 Rhc8 42. Qd3 Qc5+ 43. Kb2 Qb4 44. Re4 Qc5 45. Rc4 Qxc4 46. Qxc4
Rxc4 47. Bc6 Rxf4 48. Kc3 Rxh4 49. b4 Rg4 50. b5 Rxg5 51. Kc4 h4 52. b6 Rxb6 53.
Bd7 Re5 54. Bh3 Re3 55. Kd4 Rxh3 56. Ke4 Rhb3 57. Kf4 R6b4+ 58. Kg5 Rg3# 0-1

[Event "Titled Tue 24th Jun Early"]
[Site "chess.com INT"]
[Date "2025.06.24"]
[Round "3"]
[White "Storn, Justin"]
[Black "Biastoch, Bennet"]
[Result "1-0"]
[BlackTitle "FM"]
[WhiteElo "2073"]
[BlackElo "2293"]
[WhiteFideId "30922720"]
[BlackFideId "12939889"]
[EventDate "2025.06.24"]

1. c4 e6 2. a3 d5 3. Nf3 Nf6 4. d4 Nc6 5. Nc3 Ne4 6. cxd5 exd5 7. Bf4 Bd6 8.
Nxd5 Bxf4 9. Nxf4 O-O 10. e3 Re8 11. Bc4 Nd6 12. Ba2 Bg4 13. O-O Kh8 14. Rc1 Rc8
15. h3 Bf5 16. b4 a6 17. Nd3 Ne4 18. Bxf7 Rf8 19. Ba2 Qf6 20. Nc5 Nxc5 21. Rxc5
Bxh3 22. gxh3 Qxf3 23. Qxf3 Rxf3 24. Kg2 Rf6 25. Bd5 Nd8 26. a4 c6 27. Bb3 Rc7
28. b5 axb5 29. axb5 g6 30. b6 Rd7 31. Ra5 Kg7 32. Ra8 Ne6 33. Bxe6 Rxe6 34. Rc1
Rf6 35. Rb8 Rdf7 36. Rc2 h5 37. Rc8 Re6 38. Rc7 Rd6 39. Rc5 Rf6 40. f4 Re6 41.
Kf3 Ree7 42. Rc8 Rd7 43. Ke4 Rfe7+ 44. Kd3 Re6 45. Rc7 Ree7 46. Rc8 Kf6 47. e4
Kf7 48. Rh8 Kg7 49. Rc8 Kf7 50. Re5 Rxe5 51. fxe5 g5 52. Kc4 g4 53. hxg4 hxg4
54. Rh8 g3 55. Rh3 Ke6 56. Rxg3 Rf7 57. Rg6+ Ke7 58. Rh6 Rf1 59. Rh7+ Ke6 60.
Rxb7 Rc1+ 61. Kd3 Rd1+ 62. Ke3 Re1+ 63. Kf3 Rf1+ 64. Ke2 Rb1 65. Rb8 Rb4 66. Kd3
Rb3+ 67. Kc4 Rb1 68. b7 Rc1+ 69. Kd3 Rb1 70. Re8+ Kd7 71. b8=Q 1-0

[Event "Titled Tue 24th Jun Early"]
[Site "chess.com INT"]
[Date "2025.06.24"]
[Round "3"]
[White "Borges, Wagner da Silva"]
[Black "Elsness, Frode"]
[Result "0-1"]
[WhiteTitle "CM"]
[BlackTitle "IM"]
[WhiteElo "2062"]
[BlackElo "2416"]
[WhiteFideId "2100401"]
[BlackFideId "1501100"]
[EventDate "2025.06.24"]

1. d4 Nf6 2. Nf3 d5 3. g3 e6 4. Bg2 Nbd7 5. O-O Be7 6. c4 c6 7. Nc3 O-O 8. a4
Ne4 9. Nxe4 dxe4 10. Nd2 f5 11. Qb3 Nf6 12. Rd1 Qb6 13. a5 Qc7 14. Nf1 Bd7 15.
Bf4 Bd6 16. Bxd6 Qxd6 17. Ne3 Rab8 18. c5 Qe7 19. Nxf5 Qd8 20. Nd6 Nd5 21. Bxe4
b6 22. axb6 axb6 23. Qc2 h6 24. Bxd5 exd5 25. e4 bxc5 26. dxc5 Qf6 27. Rd2 Bh3
28. Qd3 Rxb2 29. Rad1 Rxd2 30. Rxd2 Qa1+ 31. Rd1 Qb2 32. Qd2 Qb3 33. Qe2 h5 34.
exd5 Bg4 35. f3 Bxf3 36. Qe6+ Kh8 37. Rf1 Qc3 38. dxc6 Qxc5+ 39. Rf2 Qc1+ 40.
Rf1 Qxc6 41. Rxf3 Qxf3 0-1

[Event "Titled Tue 24th Jun Early"]
[Site "chess.com INT"]
[Date "2025.06.24"]
[Round "3"]
[White "Koshulyan, Egor A."]
[Black "Chiang, Jacob"]
[Result "0-1"]
[WhiteTitle "FM"]
[WhiteElo "2235"]
[BlackElo "2006"]
[WhiteFideId "24237000"]
[BlackFideId "30962331"]
[EventDate "2025.06.24"]

1. e4 c5 2. Nf3 d6 3. Bb5+ Nd7 4. O-O Nf6 5. Re1 a6 6. Bd3 g6 7. c3 Bg7 8. Bc2
O-O 9. d4 cxd4 10. cxd4 b5 11. a4 b4 12. Nbd2 Bb7 13. Nf1 a5 14. Ng3 Rc8 15. h3
Qc7 16. Bb3 h5 17. e5 dxe5 18. dxe5 Bxf3 19. Qxf3 Nxe5 20. Qe2 Nc6 21. Be3 h4
22. Nf1 Qe5 23. Qd3 Rfd8 24. Qxg6 e6 25. Qg5 Qxb2 26. Rab1 Qc3 27. Rec1 Qd3 28.
Qxh4 Nd4 29. Rd1 Ne2+ 30. Kh1 Qf5 31. Bb6 Rxd1 32. Rxd1 Ne4 33. Rd8+ Rxd8 34.
Qxd8+ Kh7 35. Qh4+ Kg8 36. Bc4 N4g3+ 37. fxg3 Qxf1+ 38. Kh2 Qd1 39. Qg4 Nc3 40.
Qg5 Ne4 41. Qh4 Nd6 42. Qd8+ Kh7 43. Bc7 Be5 44. Qh4+ Kg6 45. Ba6 b3 46. Qd8 b2
47. Qg8+ Bg7 48. Bb7 b1=Q 49. Be4+ Qxe4 50. Bxd6 Qxd6 0-1

[Event "Titled Tue 24th Jun Early"]
[Site "chess.com INT"]
[Date "2025.06.24"]
[Round "3"]
[White "Suarez, Pedro"]
[Black "Golis, Wiktor"]
[Result "1-0"]
[WhiteTitle "CM"]
[BlackTitle "FM"]
[WhiteElo "2066"]
[BlackElo "2307"]
[WhiteFideId "3007642"]
[BlackFideId "21055874"]
[EventDate "2025.06.24"]

1. d4 Nf6 2. c4 e6 3. Nc3 Bb4 4. e3 c5 5. Bd3 Nc6 6. Ne2 Bxc3+ 7. bxc3 d6 8. O-O
O-O 9. e4 e5 10. d5 Ne7 11. f4 exf4 12. Nxf4 Nd7 13. Be3 Ne5 14. Be2 Re8 15. Qe1
N7g6 16. Nxg6 Nxg6 17. Bf3 Ne5 18. Qe2 b6 19. Bf4 Ba6 20. Bxe5 Rxe5 21. a4 Qc7
22. Rfb1 Rae8 23. Qd3 f5 24. exf5 Re3 25. Qd2 Bxc4 26. Re1 Qe7 27. Rxe3 Qxe3+
28. Qxe3 Rxe3 29. Kf2 Re5 30. g4 Bxd5 31. Rd1 Bxf3 32. Kxf3 d5 33. Kf4 Re4+ 34.
Kf3 Rxa4 35. Rxd5 h6 36. Rd7 Rc4 37. Rxa7 Rxc3+ 38. Kf4 Rc4+ 39. Kf3 b5 40. h4
h5 41. g5 Rxh4 42. g6 Kf8 43. Rf7+ Ke8 44. Rxg7 Rh1 45. Rb7 c4 46. g7 Rg1 47. f6
Rf1+ 48. Ke4 Rxf6 49. g8=Q+ Rf8 50. Qe6+ Kd8 51. Qd7# 1-0

[Event "Titled Tue 24th Jun Early"]
[Site "chess.com INT"]
[Date "2025.06.24"]
[Round "3"]
[White "Fizer, Marek"]
[Black "Leung, Hoi Ting"]
[Result "1-0"]
[WhiteTitle "CM"]
[BlackTitle "WCM"]
[WhiteElo "2186"]
[BlackElo "1618"]
[WhiteFideId "391980"]
[BlackFideId "6003770"]
[EventDate "2025.06.24"]

1. e4 e6 2. d4 d5 3. Nc3 dxe4 4. Nxe4 Nd7 5. Nf3 Ngf6 6. Ng3 Be7 7. Bd3 O-O 8.
O-O c5 9. c3 b6 10. Re1 Bb7 11. Ne5 Nxe5 12. dxe5 Nd5 13. Nh5 g6 14. Bh6 Bg5 15.
Bxf8 Qxf8 16. Qg4 Qh6 17. Ng3 Nf4 18. Be4 Bxe4 19. Nxe4 Be7 20. Rad1 Nd5 21. c4
Nb4 22. Rd7 Kf8 23. Red1 Nc6 24. Qg3 Nd4 25. h3 Ne2+ 26. Kh2 Nxg3 27. Nxg3 Qf4
28. Re1 Qxc4 29. Ne4 Qb5 30. Red1 Re8 31. Rxa7 Qxb2 32. Rdd7 Qxe5+ 33. Ng3 f5
34. Ra3 f4 35. Rf3 Kg8 36. Nf1 Qe4 37. Nd2 Qf5 38. Nc4 e5 39. Rd5 Qf7 40. Rfd3
e4 41. Rd1 f3 42. g3 e3 43. Nxe3 Bg5 44. Rxg5 Rxe3 45. fxe3 f2 46. Rf1 Qf3 47.
Re5 h6 48. Re7 c4 49. Rc7 c3 50. Rxc3 b5 51. Rc2 Qxe3 52. Rcxf2 h5 53. h4 b4 54.
Rf8+ Kg7 55. R1f7+ Kh6 56. Rh8# 1-0

[Event "Titled Tue 24th Jun Early"]
[Site "chess.com INT"]
[Date "2025.06.24"]
[Round "3"]
[White "Salonen, Aku"]
[Black "Fernandez Siles, Luis"]
[Result "1-0"]
[WhiteTitle "FM"]
[BlackTitle "FM"]
[WhiteElo "2330"]
[BlackElo "2170"]
[WhiteFideId "517577"]
[BlackFideId "2209420"]
[EventDate "2025.06.24"]

1. e4 c5 2. Nf3 Nc6 3. Bb5 g6 4. O-O Bg7 5. Bxc6 dxc6 6. d3 Bg4 7. Nc3 Nf6 8. h3
Bxf3 9. Qxf3 Nd7 10. Qg3 e5 11. f4 exf4 12. Bxf4 O-O 13. Kh1 f6 14. Bd6 Rf7 15.
Qg4 b6 16. Qe6 Qe8 17. Qxe8+ Rxe8 18. a4 Re6 19. Bg3 Bh6 20. Bf4 Bxf4 21. Rxf4
Kg7 22. Raf1 a5 23. Nd1 Ne5 24. Ne3 Rd7 25. b3 Rf7 26. g4 h6 27. Kg2 Re8 28. Kg3
Rh8 29. h4 h5 30. g5 fxg5 31. hxg5 Rhf8 32. Rxf7+ Rxf7 33. Rxf7+ Nxf7 34. Nc4
Nxg5 35. Nxb6 Ne6 36. Nc4 g5 37. Nxa5 Kf6 38. Nxc6 g4 39. a5 Kg5 40. a6 h4+ 41.
Kg2 Kf4 42. a7 Nc7 43. Nd8 h3+ 44. Kh1 Kf3 45. Ne6 Na8 46. Ng5+ Kf2 47. e5 Kg3
48. e6 Kh4 49. e7 Kxg5 50. e8=Q g3 51. Qe4 1-0

[Event "Titled Tue 24th Jun Early"]
[Site "chess.com INT"]
[Date "2025.06.24"]
[Round "3"]
[White "Mummana Venkata Ruthvik"]
[Black "Domin, Yan"]
[Result "1-0"]
[WhiteTitle "CM"]
[BlackTitle "FM"]
[WhiteElo "2237"]
[BlackElo "2222"]
[WhiteFideId "25697307"]
[BlackFideId "34169342"]
[EventDate "2025.06.24"]

1. Nf3 Nf6 2. g3 d6 3. Bg2 g6 4. O-O Bg7 5. d4 O-O 6. b3 a5 7. Bb2 a4 8. c4 c6
9. Nbd2 a3 10. Bc3 d5 11. Re1 Bf5 12. Rc1 Ne4 13. Ba1 Nxd2 14. Nxd2 e6 15. e4
dxe4 16. Nxe4 Na6 17. Qd2 Bxe4 18. Bxe4 Qd6 19. Rcd1 Rfd8 20. Bc3 Rac8 21. Qc1
b5 22. c5 Qb8 23. b4 Qb7 24. Qxa3 Nc7 25. Qb3 Nd5 26. Bb2 Ra8 27. a3 h5 28. h4
Rd7 29. Qf3 Rad8 30. Re2 Ne7 31. Red2 Qc8 32. Kg2 Qc7 33. Qe3 Nd5 34. Qf3 Qc8
35. Qb3 Nf6 36. Bf3 Qa6 37. Qe3 Nd5 38. Qb3 Ne7 39. Be4 e5 40. Qe3 f5 41. Bc2 e4
42. Bb3+ Nd5 43. f3 Kh7 44. Qe2 e3 45. Rd3 f4 46. g4 hxg4 47. fxg4 Rf8 48. Rf1
Qb6 49. cxb6 1-0

[Event "Titled Tue 24th Jun Early"]
[Site "chess.com INT"]
[Date "2025.06.24"]
[Round "3"]
[White "Calvo Gonzalez, Jose Felix"]
[Black "Arakelyan, Manvel"]
[Result "0-1"]
[WhiteTitle "CM"]
[BlackTitle "FM"]
[WhiteElo "2168"]
[BlackElo "2326"]
[WhiteFideId "54505615"]
[BlackFideId "13317415"]
[EventDate "2025.06.24"]

1. e4 c5 2. Nf3 Nc6 3. d4 cxd4 4. Nxd4 Nf6 5. Nc3 e6 6. Ndb5 d6 7. Bf4 e5 8. Bg5
a6 9. Na3 b5 10. Nd5 Be7 11. Bxf6 Bxf6 12. c4 b4 13. Nc2 a5 14. g3 Bg5 15. h4
Bh6 16. Bh3 Be6 17. g4 Bf4 18. Nxf4 exf4 19. Nd4 Ne5 20. b3 O-O 21. g5 Qe7 22.
Bxe6 fxe6 23. f3 a4 24. Kf2 Qb7 25. Nxe6 Rfc8 26. Qd5 Qa7+ 27. Kg2 Kh8 28. Qxd6
Nxf3 29. c5 axb3 30. axb3 Nxh4+ 31. Kh3 Qf7 32. Kxh4 Rxa1 33. Rxa1 f3 34. Rf1
Re8 35. c6 Rxe6 36. c7 Rxd6 37. c8=Q+ Qg8 38. Qc7 Rd4 39. Rxf3 Rxe4+ 40. Kg3 Re8
41. Qc5 Qe6 42. Rf8+ Rxf8 43. Qxf8+ Qg8 44. Qxb4 h6 45. gxh6 gxh6+ 46. Kh4 Qd8+
47. Kh5 Qg5# 0-1

[Event "Titled Tue 24th Jun Early"]
[Site "chess.com INT"]
[Date "2025.06.24"]
[Round "3"]
[White "Crispin Ferreras, Darvi Abraham"]
[Black "Pham, Le Thao Nguyen"]
[Result "1/2-1/2"]
[WhiteTitle "CM"]
[BlackTitle "IM"]
[WhiteElo "2150"]
[BlackElo "2357"]
[WhiteFideId "6402771"]
[BlackFideId "12401226"]
[EventDate "2025.06.24"]

1. d4 Nf6 2. c4 e6 3. Nc3 Bb4 4. e3 O-O 5. Bd3 Re8 6. Ne2 Bf8 7. O-O d6 8. e4 e5
9. d5 a5 10. h3 Na6 11. a3 Nc5 12. Bc2 Bd7 13. Ng3 a4 14. f4 exf4 15. Bxf4 h6
16. Qd2 Nh7 17. Rae1 f6 18. Be3 Ng5 19. h4 Nf7 20. e5 Nxe5 21. Bxc5 dxc5 22. Qf4
Ng4 23. Nf5 h5 24. Bd1 Bd6 25. Nxd6 cxd6 26. Qxd6 b6 27. Bxg4 hxg4 28. h5 Rxe1
29. Rxe1 Be8 30. Qxd8 Rxd8 31. Re6 Rb8 32. h6 Bf7 33. Rd6 f5 34. hxg7 Kxg7 35.
Nxa4 b5 36. cxb5 Rxb5 37. Rd7 Kf6 38. Kh2 f4 39. Rc7 Bxd5 40. Rxc5 g3+ 41. Kg1
Rxc5 42. Nxc5 Ke5 43. b4 Kd4 44. Nd7 Kc4 45. Nf6 Bf7 46. Ne4 Kb3 47. b5 Bd5 48.
Nc5+ Kc4 49. Nd7 Kxb5 50. Nf6 Bc6 51. Nh5 f3 52. gxf3 Bxf3 53. Nxg3 Ka4 54. Kf2
Kxa3 1/2-1/2

[Event "Titled Tue 24th Jun Early"]
[Site "chess.com INT"]
[Date "2025.06.24"]
[Round "3"]
[White "Sitnic, Adnan"]
[Black "Mihajlovskij, Sergei"]
[Result "1-0"]
[WhiteTitle "CM"]
[WhiteElo "2058"]
[BlackElo "2292"]
[WhiteFideId "14403854"]
[BlackFideId "13500805"]
[EventDate "2025.06.24"]

1. e4 c5 2. f4 d6 3. Nf3 Nc6 4. Bb5 Bd7 5. c3 Qb6 6. Na3 a6 7. Ba4 Qa5 8. Bc2 b5
9. d3 g6 10. O-O Bg7 11. Be3 Nf6 12. h3 h5 13. d4 cxd4 14. cxd4 Nb4 15. Bd2 Ng4
16. Bb3 Qb6 17. Bxb4 a5 18. Be1 Ne3 19. Qd3 Nxf1 20. Kxf1 O-O 21. Bd5 Rac8 22.
b4 a4 23. e5 e6 24. Be4 d5 25. Bxg6 fxg6 26. Qxg6 Be8 27. Qd3 Rxf4 28. Bd2 Rf5
29. g4 hxg4 30. hxg4 Rf8 31. Kg2 Rxf3 32. Kxf3 Qc7 33. Rh1 Qf7+ 34. Kg2 Qg6 35.
Qxg6 Bxg6 36. Rc1 Be4+ 37. Kg1 Rxc1+ 38. Bxc1 Bd3 39. Kf2 Kf7 40. Ke3 Bh6+ 41.
Kxd3 Bxc1 42. Nxb5 Kg6 43. Nc3 a3 44. Ne2 Bg5 45. b5 Bd8 46. Nf4+ Kf7 47. Kc3
Bb6 48. g5 Ba7 49. g6+ Kg7 50. Nxe6+ Kxg6 51. Nf4+ Kf5 52. Nxd5 Ke4 53. Nf6+ Ke3
54. Kc4 Bxd4 55. Nd5+ Ke4 56. e6 1-0

[Event "Titled Tue 24th Jun Early"]
[Site "chess.com INT"]
[Date "2025.06.24"]
[Round "3"]
[White "Mendonca, Leon Luke"]
[Black "Kosteniuk, Alexandra"]
[Result "1-0"]
[WhiteTitle "GM"]
[BlackTitle "GM"]
[WhiteElo "2603"]
[BlackElo "2474"]
[WhiteFideId "35028561"]
[BlackFideId "4128125"]
[EventDate "2025.06.24"]

1. Nf3 d5 2. b4 a5 3. b5 c6 4. e3 f6 5. d4 Bg4 6. c4 e6 7. Nc3 Bb4 8. Bd2 Ne7 9.
bxc6 Nbxc6 10. h3 Bh5 11. Be2 O-O 12. O-O Rc8 13. cxd5 Nxd5 14. Nb5 Bg6 15. a3
Bxd2 16. Qxd2 a4 17. Rfc1 Qe7 18. Bd1 Ra8 19. Ne1 Rfd8 20. Bc2 e5 21. Bxg6 hxg6
22. e4 Nxd4 23. Nxd4 Nf4 24. Qa2+ Kh7 25. Ne2 Ne6 26. Rab1 Rd7 27. Qb2 Rad8 28.
Qb4 Qf7 29. Qxa4 Rd2 30. Rc2 Rd1 31. Rxd1 Rxd1 32. Rc1 Rd2 33. Qc4 Qd7 34. Nf3
Rd3 35. a4 Ra3 36. Rb1 Rxa4 37. Qd5 Qxd5 38. exd5 Nc5 39. d6 Ra8 40. Rb5 Rc8 41.
Nc3 Kg8 42. Nd5 Kf7 43. Nb6 Rc6 44. Nc4 Ke6 45. Nfd2 f5 46. f3 Rc8 47. Kf1 Rc6
48. Ke2 Rc8 49. h4 Rc6 50. Na5 Rc8 51. Ndc4 Rd8 52. Nxb7 1-0

[Event "Titled Tue 24th Jun Early"]
[Site "chess.com INT"]
[Date "2025.06.24"]
[Round "3"]
[White "Gonzalez Guedes, Iyan"]
[Black "Shubenkova, Veronika"]
[Result "1-0"]
[WhiteTitle "FM"]
[BlackTitle "WFM"]
[WhiteElo "2238"]
[BlackElo "2031"]
[WhiteFideId "24524131"]
[BlackFideId "44124040"]
[EventDate "2025.06.24"]

1. e4 e5 2. Nf3 Nc6 3. Bc4 h6 4. O-O Nf6 5. d3 Bc5 6. c3 Bb6 7. Nbd2 O-O 8. h3
d5 9. exd5 Nxd5 10. Re1 Re8 11. a4 a6 12. d4 Bf5 13. Nxe5 Nxe5 14. dxe5 Be6 15.
Qf3 Qh4 16. Ne4 Rad8 17. a5 Ba7 18. Ra4 Qe7 19. Qg3 Kh8 20. Bxd5 Rxd5 21. Bxh6
gxh6 22. Nf6 Rd2 23. Rf1 Bf5 24. Rh4 Bg6 25. Rxh6+ Kg7 26. Qh4 Rg8 27. Rh7+ Kf8
28. Nxg8 Qxh4 29. Rxh4 Kxg8 30. Rb4 Bd3 31. Ra1 Bc5 32. Rxb7 Bxf2+ 33. Kh2 Kg7
34. Rb8 Be3 35. Re1 Bf4+ 36. Kh1 Bg3 37. Rc1 Rf2 38. Re1 Bc2 39. e6 fxe6 40. Rb7
Be4 41. Rg1 Bxb7 42. h4 1-0

[Event "Titled Tue 24th Jun Early"]
[Site "chess.com INT"]
[Date "2025.06.24"]
[Round "3"]
[White "Kaasen, Tor Fredrik"]
[Black "Dovgaliuk, Oleksandr"]
[Result "1-0"]
[WhiteTitle "IM"]
[WhiteElo "2470"]
[BlackElo "2190"]
[WhiteFideId "1516647"]
[BlackFideId "14167247"]
[EventDate "2025.06.24"]

1. e4 c5 2. Nf3 d6 3. Bb5+ Bd7 4. c4 Nc6 5. Nc3 e5 6. d3 Nge7 7. h4 a6 8. Bxc6
bxc6 9. h5 f5 10. h6 f4 11. g3 Ng6 12. gxf4 exf4 13. Ne2 Qf6 14. Bd2 Bg4 15. Bc3
Ne5 16. Nxe5 dxe5 17. Qa4 Kf7 18. Rg1 Bxe2 19. Kxe2 f3+ 20. Kd2 Qxh6+ 21. Kc2
Qd6 22. Rg3 h5 23. Rag1 h4 24. Rxf3+ Kg8 25. Rh3 Be7 26. f4 Rf8 27. Bxe5 Qh6 28.
Qxc6 Bf6 29. Qe6+ Kh7 30. Qg4 Kg8 31. Bxf6 Qxf6 32. e5 Qh6 33. f5 Rb8 34. Rxh4
Rxb2+ 35. Kxb2 Qd2+ 36. Kb1 Qxd3+ 37. Kc1 Qe3+ 38. Kd1 Qd3+ 39. Ke1 Qe3+ 40. Kf1
Qd3+ 41. Qe2 Qxf5+ 42. Qf2 Qxf2+ 43. Kxf2 Rxh4 44. Ke3 Rxc4 45. Rf1 Rc2 46. e6
Rc3+ 47. Ke4 Rc2 48. Kd5 Re2 49. Kd6 c4 50. e7 Kh7 51. Rf8 c3 52. e8=Q Rxe8 53.
Rxe8 c2 54. Rc8 1-0

[Event "Titled Tue 24th Jun Early"]
[Site "chess.com INT"]
[Date "2025.06.24"]
[Round "3"]
[White "Salinas Herrera, Pablo"]
[Black "Wahedi, Ahmad Siar"]
[Result "1-0"]
[WhiteTitle "GM"]
[BlackTitle "FM"]
[WhiteElo "2447"]
[BlackElo "2239"]
[WhiteFideId "3407128"]
[BlackFideId "4651260"]
[EventDate "2025.06.24"]

1. d4 Nf6 2. Nf3 e6 3. Bf4 b6 4. e3 Bb7 5. Nbd2 Be7 6. Bd3 d5 7. O-O O-O 8. Ne5
Nbd7 9. Qf3 c5 10. c3 Re8 11. Qh3 Nf8 12. Rad1 a6 13. Ndf3 N6d7 14. Nxd7 Qxd7
15. Ne5 Qd8 16. Bc2 Bd6 17. Rfe1 Qc7 18. Bg3 Rad8 19. a3 f6 20. Nf3 Bxg3 21.
hxg3 e5 22. dxe5 fxe5 23. e4 d4 24. Qh5 g6 25. Qh6 Qg7 26. Qc1 c4 27. a4 b5 28.
axb5 axb5 29. b3 d3 30. Bb1 Ne6 31. bxc4 bxc4 32. Ba2 Rc8 33. Qe3 Kh8 34. Nd2
Ba6 35. Rb1 Qc7 36. Rb6 Nc5 37. Reb1 Ra8 38. Bxc4 Bxc4 39. Nxc4 Na4 40. Rb7 Qxc4
41. Qh6 Qg8 42. Qg5 Ra6 43. Rd7 Nc5 44. Rc7 Nxe4 45. Qe3 Nf6 46. Rbb7 e4 47. Qd4
Rae6 48. g4 Rd8 49. Rxh7+ Qxh7 50. Rxh7+ Kxh7 51. Qxd8 e3 52. fxe3 Nxg4 53. Qd7+ 1-0

[Event "Titled Tue 24th Jun Early"]
[Site "chess.com INT"]
[Date "2025.06.24"]
[Round "3"]
[White "Pournami S"]
[Black "Chen, Yidong"]
[Result "0-1"]
[WhiteTitle "WCM"]
[WhiteElo "1749"]
[BlackElo "2074"]
[WhiteFideId "25732439"]
[BlackFideId "8607028"]
[EventDate "2025.06.24"]

1. e4 c5 2. Nf3 d6 3. d4 cxd4 4. Nxd4 Nf6 5. Nc3 a6 6. Bg5 e6 7. f4 h6 8. Bh4
Nbd7 9. Qf3 Be7 10. O-O-O Qc7 11. g4 g5 12. fxg5 Ne5 13. Qg2 Nfd7 14. Nf3 Nxf3
15. Qxf3 Ne5 16. Qf4 Ng6 17. Qf2 Nxh4 18. gxh6 Rxh6 19. Be2 Bd7 20. Rhf1 Rh7 21.
e5 dxe5 22. Bd3 Ng6 23. Ne4 Bc6 24. Nf6+ Bxf6 25. Qxf6 Qe7 26. Qf2 O-O-O 27. Qa7
Rhh8 28. Rde1 Qc7 29. Bxg6 fxg6 30. Rf6 e4 31. Rxe6 Rxh2 32. Qc5 Kb8 33. Qc3 Rc8
34. Kb1 Bd5 35. Qxc7+ Rxc7 36. Re8+ Ka7 37. Rc1 Rg2 38. b3 Rxg4 39. Re5 Bc6 40.
Re8 Bxe8 41. Re1 Bc6 42. Re3 Rd7 43. Kb2 Rf4 44. Re1 g5 45. Rg1 g4 46. Rg3 Rf3
47. Rg1 Re7 48. Rxg4 e3 49. Rg6 e2 0-1

[Event "Titled Tue 24th Jun Early"]
[Site "chess.com INT"]
[Date "2025.06.24"]
[Round "3"]
[White "Plichta, Kamil"]
[Black "Caku, Kler"]
[Result "0-1"]
[WhiteTitle "FM"]
[BlackTitle "WFM"]
[WhiteElo "2361"]
[BlackElo "2010"]
[WhiteFideId "1141830"]
[BlackFideId "4704703"]
[EventDate "2025.06.24"]

1. d4 d5 2. c4 e6 3. Nc3 Nf6 4. Nf3 Be7 5. Bf4 a6 6. e3 O-O 7. c5 Nc6 8. a3 Nd7
9. Bd3 Bf6 10. h4 Re8 11. Bxh7+ Kxh7 12. Ng5+ Kg8 13. Qh5 Bxg5 14. hxg5 Kf8 15.
Bd6+ cxd6 16. cxd6 Ne7 17. g6 fxg6 18. dxe7+ Qxe7 19. Qxg6 Nf6 20. Rh8+ Ng8 21.
O-O-O Qf7 22. Qh7 Ke7 23. Qh4+ Nf6 24. Rxe8+ Qxe8 25. e4 dxe4 26. d5 Bd7 27. Qg3
Rc8 28. Qxg7+ Qf7 29. Qg5 exd5 30. Rxd5 Qxd5 31. Qg7+ Qf7 32. Qg3 Be6 33. Qe5
Nd5 34. Kd2 Nxc3 35. bxc3 Rd8+ 36. Kc1 Qf6 37. Qc5+ Kf7 38. a4 Rc8 39. Qh5+ Ke7
40. Qh7+ Qf7 41. Qxe4 Rxc3+ 42. Kd2 Rc6 43. Qe3 Qf6 44. g4 Rd6+ 45. Ke2 Kd7 46.
g5 Qe7 47. Kf1 Bc4+ 48. Kg2 Qxe3 49. fxe3 0-1